00321nam a2200121Ia 4500008004100000082001500041100002000056245004700076250001200123260002700135300001000162700002700172150201s2013 xx 000 0 und d a620.1bSHA aSharma,Irving H aEngineering mechanics statics and dynamics a4th Ed. bPearsonaN.Delhic2013 a840p. aRao, G. Krishna Mohana